[Event "Fagernes op-B"]
[Site "Fagernes"]
[Date "2023.04.07"]
[Round "7"]
[White "Reigstad, Erlend"]
[Black "Vollheim, Daniel O"]
[Result "1-0"]
[WhiteElo "1594"]
[BlackElo "1445"]
[PlyCount "71"]
[EventDate "2023.04.02"]
[EventType "swiss"]
[EventRounds "9"]
[EventCountry "NOR"]
[SourceTitle "CBM 213 Extra"]
[Source "ChessBase"]
[SourceDate "2023.05.31"]
[SourceVersion "1"]
[SourceVersionDate "2023.05.31"]
[SourceQuality "1"]

1. e4 e5 2. Nf3 Nc6 3. Bb5 Nf6 4. 0-0 Nxe4 5. Re1 Nd6 6. Nxe5 Nxe5 7. Rxe5+ Be7 8. Bf1 0-0 9. d4 Bf6 10. Re1 Re8 11. c3 Rxe1 12. Qxe1 Qe8 13. Qxe8+ Nxe8 14. Bf4 d6 15. Bd3 Be6 16. Nd2 g6 17. a4 a5 18. Be4 Rb8 19. d5 Bd7 20. Nc4 Ra8 21. Bc2 Bg7 22. Bb3 Nf6 23. Bd2 Nxd5 24. Nxd6 cxd6 25. Bxd5 Bc6 26. Bxc6 bxc6 27. Rb1 Kf8 28. Kf1 Ke7 29. Ke2 Ke6 30. Kd3 Kd5 31. Re1 Ra7 32. c4+ Kc5 33. Be3+ Kb4 34. Bxa7 Kxa4 35. Bd4 Bh6 36. Kc3 1-0

[Event "Fagernes op-B"]
[Site "Fagernes"]
[Date "2023.04.05"]
[Round "5"]
[White "Lahlum, Ida"]
[Black "Vollheim, Daniel O"]
[Result "1/2-1/2"]
[WhiteElo "1628"]
[BlackElo "1445"]
[PlyCount "67"]
[EventDate "2023.04.02"]
[EventType "swiss"]
[EventRounds "9"]
[EventCountry "NOR"]
[SourceTitle "CBM 213 Extra"]
[Source "ChessBase"]
[SourceDate "2023.05.31"]
[SourceVersion "1"]
[SourceVersionDate "2023.05.31"]
[SourceQuality "1"]

1. Nf3 d5 2. g3 Nc6 3. Bg2 e5 4. d3 Bf5 5. 0-0 Qd7 6. Nbd2 Nf6 7. Nh4 Bh3 8. e4 d4 9. a4 0-0-0 10. Nc4 h6 11. f4 exf4 12. Bxf4 g5 13. Ne5 Nxe5 14. Bxe5 Bg7 15. Bxf6 Bxf6 16. Rxf6 gxh4 17. Qh5 Bxg2 18. Kxg2 hxg3 19. hxg3 Rdf8 20. Rxh6 Rxh6 21. Qxh6 Rg8 22. Qf4 Kb8 23. Qf5 Qd6 24. Qf3 Qc6 25. Qe2 Qg6 26. Qf2 a6 27. Re1 Qc6 28. b3 Qg6 29. e5 Qc6+ 30. Kg1 Qg6 31. Kg2 Qc6+ 32. Kg1 Qg6 33. Kg2 Qc6+ 34. Re4 1/2-1/2